|
|
|
|
| LEADER |
00000nam0a2200000 4500 |
| 001 |
377240 |
| 005 |
20231102012908.0 |
| 035 |
|
|
|a (RuTPU)RU\TPU\retro\34689
|
| 090 |
|
|
|a 377240
|
| 100 |
|
|
|a 20230214d m y0rusy50 ca
|
| 101 |
0 |
|
|a rus
|
| 102 |
|
|
|a RU
|
| 105 |
|
|
|a a j 001zy
|
| 200 |
1 |
|
|a Термодинамика и теплопередача в пожарном деле
|e учебник
|f П. Н. Романенко, Ю. А. Кошмаров, М. П. Башкирцев
|g Высшая инженерная пожарно-техническая школа МВД СССР
|
| 210 |
|
|
|a Москва
|c Изд-во Высшей инженерной пожарно-технической школы МВД СССР
|d 1977
|
| 215 |
|
|
|a 416 с.
|c ил.
|
| 320 |
|
|
|a Библиогр.: с. 410-411
|
| 606 |
1 |
|
|a Противопожарная защита
|2 stltpush
|3 (RuTPU)RU\TPU\subj\52862
|9 71251
|
| 610 |
1 |
|
|a энтальпия
|
| 610 |
1 |
|
|a термодинамические законы
|
| 610 |
1 |
|
|a теплопроводность
|
| 610 |
1 |
|
|a химические реакции
|
| 610 |
1 |
|
|a тепловой баланс
|
| 610 |
1 |
|
|a учебники
|
| 675 |
|
|
|a 614.841.4(075.8)
|v 4
|
| 700 |
|
1 |
|a Романенко
|b П. Н.
|g Павел Никанорович
|
| 701 |
|
1 |
|a Кошмаров
|b Ю. А.
|g Юрий Антонович
|
| 701 |
|
1 |
|a Башкирцев
|b М. П.
|g Михаил Прокофьевич
|
| 712 |
0 |
2 |
|a Высшая инженерная пожарно-техническая школа МВД СССР
|2 stltpush
|3 (RuTPU)RU\TPU\col\11068
|9 24963
|
| 801 |
|
1 |
|a RU
|b 63413507
|c 20230214
|
| 942 |
|
|
|c BK
|